| 000 | 00835nam a2200265Ia 4500 | ||
|---|---|---|---|
| 003 | GCL | ||
| 008 | 140319s9999 xx 000 0 ara d | ||
| 040 |
_aGCL / _cGCL |
||
| 082 | 0 | 4 |
_a235 _bع ص |
| 100 | 1 | _aعواد الخلف | |
| 245 | 1 | 0 |
_aصحيح الحفاظ : _bمما اتفق عليه الائمة الستة / _cعواد الخلف |
| 260 |
_aبيروت : _bدار البشائر ، _c2001 |
||
| 300 |
_a215 ص ؛ _c24 سم |
||
| 650 | 0 | 4 | _aالحديث - شرح |
| 650 | 0 | 4 | _aالحج |
| 650 | 0 | 4 | _aالصلاة |
| 650 | 0 | 4 | _aالصيام |
| 650 | 0 | 4 | _aالعقيدة الاسلامية |
| 650 | 0 | 4 | _aعلم رواية الحديث |
| 650 | 0 | 4 | _aالوضوء |
| 650 | 0 | 4 | _aالجهاد |
| 650 | 0 | 4 | _aالطلاق (الشريعة الاسلامية ) |
| 650 | 0 | 4 | _aالحديث - السنن |
| 942 |
_2ddc _cBK |
||
| 999 |
_c8099 _d8099 |
||